Duisburger Stadtteile mit Karte - Statistiken

Allgemein
  • Dieses Quiz wurde 257 mal gespielt
  • Das Durchschnittsergebnis liegt bei 19 aus 46
Antworten auf der Karte
Die Antworten werden auf der Karte rot bzw. grün angezeigt, abhängig davon wie oft sie richtig erraten wurden.
 
Antwortstatistiken
Stadtteil % Korrekt
Marxloh
91%
Rheinhausen-Mitte
80%
Ruhrort
68%
Alt-Hamborn
67%
Wedau
63%
Alt-Walsum
62%
Beeck
62%
Hochfeld
58%
Neudorf-Nord
57%
Obermeiderich
55%
Duissern
53%
Untermeiderich
53%
Alt-Homberg
52%
Baerl
49%
Großenbaum
49%
Wanheim-Angerhausen
49%
Altstadt
46%
Wanheimerort
42%
Buchholz
41%
Mittelmeiderich
40%
Rahm
40%
Rumeln-Kaldenhausen
40%
Laar
37%
Dellviertel
36%
Beeckerwerth
34%
Kaßlerfeld
34%
Mündelheim
34%
Neudorf-Süd
34%
Obermarxloh
34%
Bruckhausen
32%
Hochheide
32%
Huckingen
32%
Neumühl
32%
Hüttenheim
31%
Bissingheim
30%
Friemersheim
30%
Bergheim
28%
Röttgersbach
28%
Vierlinden
28%
Fahrn
24%
Hochemmerich
24%
Wehofen
24%
Neuenkamp
23%
Aldenrade
22%
Overbruch
22%
Ungelsheim
21%
Keine übereinstimmenden Quizze gefunden
Verteilung der Resultate
Anzahl Personen mit jedem Resultat
Perzentil nach korrekt beantworteten Fragen
Ihre Resultats-Entwicklung
Sie haben dieses Quiz noch nicht gespielt